[Event "Lleida Regional-ch"]
[Site "Lleida"]
[Date "2015.11.01"]
[Round "5"]
[White "Ramon Solans, Albert"]
[Black "Campos Olaya, Israel"]
[Result "1-0"]
[WhiteElo "2420"]
[BlackElo "2319"]
[PlyCount "81"]
[EventDate "2015.09.27"]
[EventType "swiss"]
[EventRounds "9"]
[EventCountry "ESP"]
[SourceTitle "EXT 2017"]
[Source "ChessBase"]
[SourceDate "2016.10.25"]
[SourceVersion "1"]
[SourceVersionDate "2016.10.25"]
[SourceQuality "1"]

1. Nf3 Nf6 2. c4 e6 3. Nc3 d5 4. d4 Be7 5. e3 0-0 6. b3 b6 7. Bd3 Bb7 8. 0-0 Ne4 9. Bb2 Nd7 10. Qc2 f5 11. Nd2 Bg5 12. Rae1 c5 13. Ne2 Rc8 14. Nf4 Qe7 15. Nf3 Bh6 16. Ne5 Nxe5 17. dxe5 g5 18. Nh5 Qf7 19. Be2 g4 20. Nf4 d4 21. f3 gxf3 22. gxf3 Qg7+ 23. Kh1 Qxe5 24. Nd3 Qd6 25. fxe4 fxe4 26. Nf2 Bxe3 27. Nxe4 Qc6 28. Bd3 Rf5 29. Qg2+ Rg5 30. Qf3 Rf5 31. Qg4+ Rg5 32. Qh4 Rg6 33. Rf3 Bg5 34. Qh5 Bh6 35. Rg3 Rxg3 36. hxg3 Bg7 37. Rf1 Qe8 38. Qg4 e5 39. Kg1 Bxe4 40. Qxe4 Qh5 41. Kg2 1-0

[Event "Lleida Regional-ch"]
[Site "Lleida"]
[Date "2015.10.25"]
[Round "4"]
[White "Trepat Herranz, Joan"]
[Black "Ramon Solans, Albert"]
[Result "1/2-1/2"]
[WhiteElo "2432"]
[BlackElo "2420"]
[PlyCount "80"]
[EventDate "2015.09.27"]
[EventType "swiss"]
[EventRounds "9"]
[EventCountry "ESP"]
[SourceTitle "EXT 2017"]
[Source "ChessBase"]
[SourceDate "2016.10.25"]
[SourceVersion "1"]
[SourceVersionDate "2016.10.25"]
[SourceQuality "1"]

1. e4 g6 2. d4 Bg7 3. Nf3 d6 4. Bd3 a6 5. 0-0 e6 6. c4 Ne7 7. Nc3 0-0 8. Re1 Nd7 9. Bf1 h6 10. g3 e5 11. Bg2 exd4 12. Nxd4 Nc5 13. Be3 Bd7 14. Qd2 Kh7 15. Rad1 Nc6 16. Nxc6 Bxc6 17. e5 Bxg2 18. Kxg2 Ne6 19. exd6 Qxd6 20. Qxd6 cxd6 21. Na4 Rac8 22. Nb6 Rc6 23. b3 Bc3 24. Re2 Ba5 25. Nd5 b5 26. cxb5 axb5 27. b4 Bd8 28. Rc1 Rxc1 29. Bxc1 Bg5 30. f4 Rc8 31. Bb2 Bd8 32. Kf3 Kg8 33. Ke3 Kf8 34. Kd3 Ke8 35. g4 Kd7 36. f5 Ng5 37. fxg6 fxg6 38. Rf2 Rc4 39. Rf4 Rxf4 40. Nxf4 Nf3 1/2-1/2

[Event "Lleida Regional-ch"]
[Site "Lleida"]
[Date "2015.10.11"]
[Round "3"]
[White "Ramon Solans, Albert"]
[Black "Llavall Sans, Daniel"]
[Result "1/2-1/2"]
[WhiteElo "2420"]
[BlackElo "2259"]
[PlyCount "111"]
[EventDate "2015.09.27"]
[EventType "swiss"]
[EventRounds "9"]
[EventCountry "ESP"]
[SourceTitle "EXT 2017"]
[Source "ChessBase"]
[SourceDate "2016.10.25"]
[SourceVersion "1"]
[SourceVersionDate "2016.10.25"]
[SourceQuality "1"]

1. d4 d5 2. c4 e6 3. Nc3 Nf6 4. Nf3 Be7 5. g3 0-0 6. Bg2 dxc4 7. 0-0 c5 8. dxc5 Qc7 9. Qa4 Qxc5 10. Nd2 Bd7 11. Qxc4 Qxc4 12. Nxc4 Bc6 13. Rd1 Bxg2 14. Kxg2 Nc6 15. Bf4 Rfd8 16. a3 Rac8 17. Nd6 Bxd6 18. Rxd6 Rxd6 19. Bxd6 Rd8 20. Bf4 Nd5 21. Nxd5 Rxd5 22. e4 Rd3 23. b4 a6 24. Ra2 Kf8 25. Be3 Nd4 26. a4 Ke8 27. Rb2 b5 28. axb5 axb5 29. Ra2 Nc6 30. Ra8+ Rd8 31. Ra6 Nxb4 32. Rb6 Nc2 33. Bc5 b4 34. Rb7 Rd7 35. Rb5 g6 36. e5 h5 37. Bd6 Rd8 38. Kh3 Rd7 39. g4 hxg4+ 40. Kxg4 Nd4 41. Rxb4 Nf5 42. Kg5 Nxd6 43. exd6 Rxd6 44. Kf6 Rd5 45. Rb8+ Kd7 46. Rb7+ Kd6 47. Rxf7 Rh5 48. f4 Rxh2 49. Ra7 Rf2 50. Ra4 e5 51. Ra6+ Kd5 52. Ra5+ Kd4 53. Ra4+ Kd5 54. Ra5+ Kd4 55. Ra4+ Kd5 56. Ra5+ 1/2-1/2

[Event "Catalunya-ch"]
[Site "Barcelona"]
[Date "2015.05.03"]
[Round "2.1"]
[White "Alonso Rosell, Alvar"]
[Black "Ramon Solans, Albert"]
[Result "1-0"]
[WhiteElo "2540"]
[BlackElo "2319"]
[PlyCount "83"]
[EventDate "2015.05.02"]
[EventType "k.o."]
[EventRounds "4"]
[EventCountry "ESP"]
[SourceTitle "CBM 166 Extra"]
[Source "ChessBase"]
[SourceDate "2015.06.18"]
[SourceVersion "1"]
[SourceVersionDate "2015.06.18"]
[SourceQuality "1"]

1. d4 Nf6 2. c4 g6 3. Nc3 Bg7 4. Nf3 0-0 5. g3 d6 6. Bg2 Nbd7 7. 0-0 e5 8. Qc2 exd4 9. Nxd4 a5 10. Rd1 Nc5 11. b3 Bd7 12. h3 Qc8 13. Kh2 h5 14. e4 Re8 15. Bg5 Nh7 16. Be3 Ne6 17. Nxe6 Bxe6 18. Rac1 f5 19. exf5 Bxf5 20. Qd2 Nf6 21. Bh6 Rb8 22. Nd5 Nxd5 23. cxd5 b6 24. Bxg7 Kxg7 25. Rc4 Re7 26. g4 hxg4 27. hxg4 Qh8+ 28. Kg3 Kf7 29. Rh1 Qg7 30. Qg5 Bd3 31. Qxe7+ Kxe7 32. Rxc7+ Kf8 33. Rxg7 Kxg7 34. Rc1 Kf6 35. f4 g5 36. Rc6 gxf4+ 37. Kxf4 Ke7 38. Rc7+ Kf6 39. Rd7 Rf8 40. Be4 Bxe4 41. Kxe4 Re8+ 42. Kf4 1-0

[Event "Catalunya-ch"]
[Site "Barcelona"]
[Date "2015.05.03"]
[Round "1.3"]
[White "Ramon Solans, Albert"]
[Black "Mellado Trivino, Juan"]
[Result "1-0"]
[WhiteElo "2319"]
[BlackElo "2451"]
[PlyCount "121"]
[EventDate "2015.05.02"]
[EventType "k.o."]
[EventRounds "4"]
[EventCountry "ESP"]
[SourceTitle "CBM 166 Extra"]
[Source "ChessBase"]
[SourceDate "2015.06.18"]
[SourceVersion "1"]
[SourceVersionDate "2015.06.18"]
[SourceQuality "1"]

1. d4 f5 2. c4 Nf6 3. Nf3 g6 4. g3 Bg7 5. Bg2 d6 6. 0-0 0-0 7. Nc3 e6 8. b3 Nc6 9. Bb2 e5 10. dxe5 dxe5 11. Qxd8 Rxd8 12. Rad1 e4 13. Rxd8+ Nxd8 14. Nd4 c5 15. Ndb5 Ne8 16. Rd1 Nc6 17. f3 a6 18. Nd6 Nxd6 19. Rxd6 Be5 20. Rd1 Bd4+ 21. Kh1 Ne5 22. fxe4 Ng4 23. Rxd4 cxd4 24. Nd5 Nf2+ 25. Kg1 Nxe4 26. Bxd4 b5 27. Nf6+ Kf7 28. Nxe4 fxe4 29. Bxe4 Rb8 30. Ba7 Rb7 31. Bxb7 Bxb7 32. cxb5 axb5 33. a4 Bd5 34. axb5 Bxb3 35. Bd4 Bc4 36. b6 Bd5 37. Kf2 Ke6 38. Ke3 Kf5 39. Kd3 h5 40. h3 Ke6 41. e4 Bb7 42. Be3 Ba6+ 43. Kd4 Bb7 44. Bf4 Bc6 45. Bc7 Bb7 46. Ke3 Bc6 47. Kf4 Bb7 48. Bd8 Bc6 49. Bg5 Bb7 50. Bh6 Bc6 51. Bg7 Bb7 52. Bd4 Bc6 53. Ba1 Bb7 54. Bb2 Bc6 55. Bd4 Bb7 56. e5 Kf7 57. Kg5 Be4 58. Kh6 Bg2 59. e6+ Kxe6 60. Kxg6 Bf3 61. g4 1-0

[Event "Catalunya-ch"]
[Site "Barcelona"]
[Date "2015.05.02"]
[Round "1.1"]
[White "Mellado Trivino, Juan"]
[Black "Ramon Solans, Albert"]
[Result "1/2-1/2"]
[WhiteElo "2451"]
[BlackElo "2319"]
[PlyCount "37"]
[EventDate "2015.05.02"]
[EventType "k.o."]
[EventRounds "4"]
[EventCountry "ESP"]
[SourceTitle "CBM 166 Extra"]
[Source "ChessBase"]
[SourceDate "2015.06.18"]
[SourceVersion "1"]
[SourceVersionDate "2015.06.18"]
[SourceQuality "1"]

1. e4 d5 2. exd5 Qxd5 3. Nc3 Qd8 4. Bc4 Nf6 5. Nf3 e6 6. d4 Be7 7. 0-0 0-0 8. Ne5 Nc6 9. Be3 Nxe5 10. dxe5 Qxd1 11. Raxd1 Ng4 12. Bf4 g5 13. Bg3 a6 14. Ne4 Nh6 15. f4 Nf5 16. fxg5 Ne3 17. Bd3 Nxd1 18. Rxd1 Rd8 19. Nf6+ 1/2-1/2

[Event "Lleida Province-ch"]
[Site "Tornabous"]
[Date "2014.11.30"]
[Round "9"]
[White "Ramon Solans, Albert"]
[Black "Gensana Berzunces, Joan"]
[Result "1/2-1/2"]
[WhiteElo "2400"]
[BlackElo "2042"]
[PlyCount "129"]
[EventDate "2014.10.05"]
[EventType "swiss"]
[EventRounds "9"]
[EventCountry "ESP"]
[SourceTitle "EXT 2016"]
[Source "ChessBase"]
[SourceDate "2015.10.08"]
[SourceVersion "1"]
[SourceVersionDate "2015.10.08"]
[SourceQuality "1"]

1. d4 Nf6 2. c4 e6 3. Nc3 Bb4 4. Qc2 b6 5. Nf3 Bb7 6. a3 Bxc3+ 7. Qxc3 Ne4 8. Qc2 f5 9. g3 d6 10. Bg2 c6 11. 0-0 0-0 12. Nd2 Nxd2 13. Bxd2 Qe7 14. e4 c5 15. d5 exd5 16. exd5 Bc8 17. Rfe1 Qf7 18. Re2 a6 19. Rae1 Ra7 20. Bf4 Qf6 21. Bd2 Raf7 22. Bc3 Qd8 23. f4 Nd7 24. Bf3 Nf6 25. b4 Bd7 26. bxc5 bxc5 27. Qd3 Re8 28. Rxe8+ Nxe8 29. Qd2 Bc8 30. Ba5 Qd7 31. Qd3 Re7 32. Re6 Nc7 33. Re2 Rxe2 34. Qxe2 Ne8 35. Bc3 Kf7 36. Bh5+ g6 37. Bf3 Qe7 38. Qd2 Nf6 39. Ba1 Bd7 40. Kg2 Ne8 41. h3 h5 42. Bb2 Qd8 43. Qd1 Qe7 44. Qb3 Qe1 45. Bc3 Qe3 46. Qb2 Qe7 47. Bh8 Qe3 48. Qb7 Qd2+ 49. Kg1 Qe1+ 50. Kh2 Ke7 51. h4 Qe3 52. Bg2 Qxa3 53. Qb1 Qb4 54. Qd3 a5 55. Bc3 Qb6 56. Qe3+ Kf7 57. Ba1 Qd8 58. Qc3 Nf6 59. Bf3 a4 60. Kg2 Qe7 61. Kf2 Be8 62. Qb2 Bd7 63. Kg2 Be8 64. Qb8 Bd7 65. Qb2 1/2-1/2

[Event "Lleida Province-ch"]
[Site "Tornabous"]
[Date "2014.11.16"]
[Round "7"]
[White "Ramon Solans, Albert"]
[Black "Monell Camarasa, David"]
[Result "1-0"]
[WhiteElo "2400"]
[BlackElo "2340"]
[PlyCount "61"]
[EventDate "2014.10.05"]
[EventType "swiss"]
[EventRounds "9"]
[EventCountry "ESP"]
[SourceTitle "CBM 163 Extra"]
[Source "ChessBase"]
[SourceDate "2014.12.23"]
[SourceVersion "1"]
[SourceVersionDate "2014.12.23"]
[SourceQuality "1"]

1. e4 d5 2. exd5 Qxd5 3. Nc3 Qd8 4. Bc4 Nf6 5. Nf3 Nbd7 6. d4 c6 7. Qe2 Nb6 8. Bb3 Bf5 9. Ne5 e6 10. g4 Bg6 11. f4 Be7 12. h4 Nfd5 13. h5 f6 14. Nxc6 bxc6 15. hxg6 Qd6 16. Ne4 Qc7 17. Nc5 Nxf4 18. Bxf4 Qxf4 19. Nxe6 Qg3+ 20. Qf2 Qxg4 21. Nxg7+ Kd8 22. Ne6+ Kd7 23. Nf4 Bb4+ 24. Kf1 Qg5 25. Rh5 hxg6 26. Rxg5 fxg5 27. Nxg6 Rh1+ 28. Kg2 Rxa1 29. Qf7+ Kd8 30. Ne5 Rc8 31. Qxa7 1-0

[Event "Lleida Province-ch"]
[Site "Tornabous"]
[Date "2014.10.05"]
[Round "1"]
[White "Ramon Solans, Albert"]
[Black "Bonet Verdu, Marcel"]
[Result "1-0"]
[WhiteElo "2400"]
[BlackElo "1924"]
[PlyCount "63"]
[EventDate "2014.10.05"]
[EventType "swiss"]
[EventRounds "9"]
[EventCountry "ESP"]
[SourceTitle "CBM 163 Extra"]
[Source "ChessBase"]
[SourceDate "2014.12.23"]
[SourceVersion "1"]
[SourceVersionDate "2014.12.23"]
[SourceQuality "1"]

1. b4 d5 2. Bb2 e6 3. Nf3 f5 4. e3 Nf6 5. a3 Bd6 6. c4 c6 7. d3 0-0 8. Be2 Nbd7 9. Nc3 dxc4 10. dxc4 Qe7 11. c5 Bc7 12. Qc2 b6 13. cxb6 axb6 14. Nb5 cxb5 15. Qxc7 Ba6 16. Qc2 Ne4 17. 0-0 Rac8 18. Qb3 Bb7 19. Bxb5 Bd5 20. Qd1 f4 21. Bxd7 Qxd7 22. Ne5 Qe7 23. f3 Nd6 24. e4 Bb7 25. Rc1 Ba6 26. Rf2 Nc4 27. Nxc4 Rxc4 28. Rxc4 Bxc4 29. Rd2 e5 30. Rd7 Qg5 31. Qd6 Bb5 32. Qd5+ 1-0

[Event "Lleida Province-ch"]
[Site "Balaguer"]
[Date "2013.11.10"]
[Round "6"]
[White "Ramon Solans, Albert"]
[Black "Quintas Galeano, Lluis"]
[Result "1-0"]
[WhiteElo "2310"]
[BlackElo "2125"]
[PlyCount "113"]
[EventDate "2013.10.06"]
[EventType "swiss"]
[EventRounds "9"]
[EventCountry "ESP"]
[SourceTitle "CBM 157 Extra"]
[Source "ChessBase"]
[SourceDate "2013.12.19"]
[SourceVersion "1"]
[SourceVersionDate "2013.12.19"]
[SourceQuality "1"]

1. e4 e5 2. Nf3 Nc6 3. Bc4 Nf6 4. d3 Be7 5. 0-0 0-0 6. c3 d6 7. b4 h6 8. Nbd2 Be6 9. Re1 Bxc4 10. Nxc4 Re8 11. h3 Bf8 12. a3 b5 13. Ne3 d5 14. Qc2 a5 15. Bb2 dxe4 16. dxe4 Re6 17. Rad1 Qe8 18. Nd5 Bd6 19. Nh4 g6 20. Bc1 Kh7 21. Qd2 Ng8 22. Nf5 Qf8 23. Nxd6 Rxd6 24. Qe2 Qb8 25. f4 axb4 26. axb4 Nf6 27. Rf1 Nd7 28. f5 Nd8 29. fxg6+ fxg6 30. Qg4 c6 31. Qxd7+ Rxd7 32. Nf6+ Kh8 33. Rxd7 Ra7 34. Rfd1 Nf7 35. Bxh6 Qb6+ 36. Kh2 Nxh6 37. Rxa7 Qxa7 38. Rd7 Qxd7 39. Nxd7 Nf7 40. h4 Kg7 41. Kg3 g5 42. h5 Kh6 43. Kg4 Nd6 44. Nxe5 Nxe4 45. Nf7+ Kg7 46. Nxg5 Nxc3 47. Ne6+ Kh6 48. Kh4 Nd5 49. g4 Nxb4 50. g5+ Kh7 51. g6+ Kg8 52. h6 Nd5 53. h7+ Kh8 54. Kg5 Ne7 55. Kh6 Nf5+ 56. Kg5 Ng7 57. Nd8 1-0

[Event "Lleida Province-ch"]
[Site "Balaguer"]
[Date "2013.10.27"]
[Round "4"]
[White "Ramon Solans, Albert"]
[Black "Farre Regada, Julian"]
[Result "1-0"]
[WhiteElo "2310"]
[BlackElo "1878"]
[PlyCount "43"]
[EventDate "2013.10.06"]
[EventType "swiss"]
[EventRounds "9"]
[EventCountry "ESP"]
[SourceTitle "CBM 157 Extra"]
[Source "ChessBase"]
[SourceDate "2013.12.19"]
[SourceVersion "1"]
[SourceVersionDate "2013.12.19"]
[SourceQuality "1"]

1. d4 Nf6 2. c4 g6 3. Nc3 d5 4. e3 Bg7 5. Nf3 0-0 6. Bd3 Re8 7. 0-0 Bg4 8. Qb3 Bxf3 9. gxf3 Qc8 10. cxd5 Nbd7 11. Rd1 Nb6 12. Bf1 Qf5 13. Bg2 a6 14. e4 Qd7 15. Be3 Rad8 16. Rac1 Nh5 17. Ne2 Qd6 18. Rc2 Rc8 19. Rdc1 h6 20. Bh3 f5 21. Rc5 Nd7 22. Rxc7 1-0

[Event "Catalunya-ch"]
[Site "Barcelona"]
[Date "2013.05.05"]
[Round "1.2"]
[White "Ramon Solans, Albert"]
[Black "Alonso Rosell, Alvar"]
[Result "0-1"]
[WhiteElo "2316"]
[BlackElo "2547"]
[PlyCount "62"]
[EventDate "2013.05.04"]
[EventType "k.o."]
[EventRounds "4"]
[EventCountry "ESP"]
[SourceTitle "CBM 154 Extra"]
[Source "ChessBase"]
[SourceDate "2013.06.25"]
[SourceVersion "2"]
[SourceVersionDate "2013.06.25"]
[SourceQuality "1"]

1. d4 d5 2. Nf3 Nf6 3. c4 c6 4. Nc3 e6 5. e3 Nbd7 6. cxd5 exd5 7. Bd3 Bd6 8. Qc2 0-0 9. g4 g6 10. Bd2 Nxg4 11. h3 Ngf6 12. 0-0-0 c5 13. Rdg1 c4 14. Bf5 Kh8 15. e4 dxe4 16. Nxe4 Nxe4 17. Bxe4 Nf6 18. Bg5 Be7 19. h4 Nxe4 20. Qxe4 f6 21. Bd2 Bf5 22. Qe3 Bd6 23. h5 g5 24. Ne5 fxe5 25. dxe5 Be7 26. Bc3 Qd3 27. e6+ Bf6 28. Qxd3 cxd3 29. e7 Rf7 30. Rxg5 Bxc3 31. bxc3 h6 0-1

[Event "Catalunya-ch"]
[Site "Barcelona"]
[Date "2013.05.04"]
[Round "1.1"]
[White "Alonso Rosell, Alvar"]
[Black "Ramon Solans, Albert"]
[Result "1-0"]
[WhiteElo "2547"]
[BlackElo "2316"]
[PlyCount "91"]
[EventDate "2013.05.04"]
[EventType "k.o."]
[EventRounds "4"]
[EventCountry "ESP"]
[SourceTitle "CBM 154 Extra"]
[Source "ChessBase"]
[SourceDate "2013.06.25"]
[SourceVersion "2"]
[SourceVersionDate "2013.06.25"]
[SourceQuality "1"]

1. d4 Nf6 2. c4 b6 3. Nc3 Bb7 4. Nf3 e6 5. Bg5 Be7 6. Qc2 d5 7. cxd5 Nxd5 8. Bxe7 Qxe7 9. Nxd5 exd5 10. e3 0-0 11. Bd3 g6 12. 0-0 c5 13. dxc5 bxc5 14. Rac1 Nd7 15. Rfe1 Rac8 16. Qa4 Bc6 17. Qa3 Qf6 18. b3 Rfe8 19. Qa5 Rb8 20. h3 h5 21. Rc2 Qd6 22. Rce2 Rb4 23. Rd2 Qb8 24. Rc1 Qb6 25. Qxb6 Rxb6 26. Be2 Ba8 27. Ne1 d4 28. exd4 Rbe6 29. Kf1 cxd4 30. Bf3 Bxf3 31. Nxf3 Ne5 32. Nxd4 Rd6 33. Rcd1 Red8 34. Nf3 Rxd2 35. Rxd2 Rxd2 36. Nxd2 Nd3 37. a3 Nf4 38. h4 f6 39. g3 Ne6 40. Ke2 Kf7 41. Ke3 g5 42. b4 gxh4 43. gxh4 Ng7 44. Ke4 Ke6 45. Nb3 Kd6 46. Nd4 1-0

[Event "Lleida Province-ch"]
[Site "Lleida"]
[Date "2012.11.01"]
[Round "5"]
[White "Trepat Herranz, Joan"]
[Black "Ramon Solans, Albert"]
[Result "1/2-1/2"]
[WhiteElo "2281"]
[BlackElo "2282"]
[PlyCount "51"]
[EventDate "2012.10.07"]
[EventType "swiss"]
[EventRounds "9"]
[EventCountry "ESP"]
[SourceTitle "EXT 2015"]
[Source "ChessBase"]
[SourceDate "2014.11.20"]
[SourceVersion "1"]
[SourceVersionDate "2014.11.20"]
[SourceQuality "1"]

1. e4 d5 2. exd5 Qxd5 3. Nc3 Qd8 4. d4 Nf6 5. h3 c6 6. Nf3 Bf5 7. Bc4 e6 8. Nh4 Bg6 9. Nxg6 hxg6 10. Bg5 Nbd7 11. Qe2 Nb6 12. 0-0-0 Nxc4 13. Qxc4 Qa5 14. Bd2 Bb4 15. Kb1 Bxc3 16. Qxc3 Qxc3 17. Bxc3 0-0-0 18. Rd3 Rh5 19. Bd2 Rhd5 20. Be3 Ng8 21. Rhd1 Ne7 22. c4 R5d7 23. Kc2 Nf5 24. Kc3 b6 25. b3 Kb7 26. f3 1/2-1/2

[Event "Balaguer op 17th"]
[Site "Balaguer"]
[Date "2012.06.22"]
[Round "7"]
[White "Campos Moreno, Javier B"]
[Black "Ramon Solans, Albert"]
[Result "1-0"]
[WhiteElo "2488"]
[BlackElo "2281"]
[PlyCount "64"]
[EventDate "2012.06.16"]
[EventType "swiss"]
[EventRounds "9"]
[EventCountry "ESP"]
[SourceTitle "EXT 2013"]
[Source "ChessBase"]
[SourceDate "2012.11.22"]
[SourceVersion "1"]
[SourceVersionDate "2012.11.22"]
[SourceQuality "1"]

1. d4 d5 2. c4 e6 3. Nf3 Nf6 4. Nc3 Be7 5. Bg5 0-0 6. e3 h6 7. Bh4 Ne4 8. Bxe7 Qxe7 9. Rc1 Nxc3 10. Rxc3 c6 11. Bd3 dxc4 12. Bxc4 Nd7 13. Qc2 e5 14. Qe4 Re8 15. 0-0 exd4 16. Qxe7 Rxe7 17. Nxd4 Ne5 18. Bb3 Bd7 19. h3 Rd8 20. f4 Ng6 21. Kf2 b6 22. Rd1 Rc8 23. g4 c5 24. Nf5 Bxf5 25. gxf5 Nf8 26. Kf3 b5 27. e4 c4 28. e5 Nd7 29. Bc2 b4 30. Re3 a5 31. Re4 f6 32. Red4 Nb6 1-0

[Event "Balaguer op 17th"]
[Site "Balaguer"]
[Date "2012.06.17"]
[Round "2"]
[White "Ramon Solans, Albert"]
[Black "Martinez Duany, Lelys Stanley"]
[Result "1/2-1/2"]
[WhiteElo "2281"]
[BlackElo "2474"]
[PlyCount "69"]
[EventDate "2012.06.16"]
[EventType "swiss"]
[EventRounds "9"]
[EventCountry "ESP"]
[SourceTitle "EXT 2013"]
[Source "ChessBase"]
[SourceDate "2012.11.22"]
[SourceVersion "1"]
[SourceVersionDate "2012.11.22"]
[SourceQuality "1"]

1. d4 d5 2. Nf3 c6 3. c4 Nf6 4. Nc3 g6 5. e3 Bg7 6. Bd3 0-0 7. 0-0 Bg4 8. h3 Bxf3 9. Qxf3 e6 10. Bd2 Nbd7 11. cxd5 exd5 12. b4 Re8 13. b5 c5 14. Nxd5 Nxd5 15. Qxd5 cxd4 16. exd4 Nb6 17. Qxd8 Rexd8 18. Rad1 Rxd4 19. Be3 Ra4 20. Bxb6 axb6 21. Bb1 Rb4 22. Rd2 Bf8 23. Rfd1 Bc5 24. g3 Ra5 25. Kg2 Kg7 26. h4 h5 27. Bd3 Rba4 28. Be2 Rxa2 29. Rxa2 Rxa2 30. Kf3 Ra3+ 31. Kg2 Ra2 32. Kf1 f5 33. Rd7+ Kf6 34. f4 Ra1+ 35. Rd1 1/2-1/2

[Event "Vallfogona de Lleida op"]
[Site "Vallfogona de Balaguer"]
[Date "2012.06.08"]
[Round "8"]
[White "Monell Camarasa, David"]
[Black "Ramon Solans, Albert"]
[Result "1/2-1/2"]
[WhiteElo "2240"]
[BlackElo "2280"]
[PlyCount "82"]
[EventDate "2012.04.20"]
[EventType "swiss"]
[EventRounds "8"]
[EventCountry "ESP"]
[SourceTitle "EXT 2015"]
[Source "ChessBase"]
[SourceDate "2014.11.20"]
[SourceVersion "1"]
[SourceVersionDate "2014.11.20"]
[SourceQuality "1"]

1. d4 Nf6 2. c4 e6 3. Nc3 Bb4 4. Qc2 0-0 5. e4 d6 6. e5 dxe5 7. dxe5 Ng4 8. Nf3 Nc6 9. a3 Bxc3+ 10. Qxc3 f6 11. exf6 Qxf6 12. Qxf6 gxf6 13. h3 Nge5 14. Nxe5 Nxe5 15. f4 Nf7 16. Be2 b6 17. 0-0 Bb7 18. Rd1 Rad8 19. Be3 Rxd1+ 20. Rxd1 Rd8 21. Rxd8+ Nxd8 22. g4 Be4 23. Bd4 Kf7 24. Kf2 h6 25. Bc3 c5 26. h4 Nc6 27. Ke3 Bb1 28. Bf3 Ne7 29. b4 h5 30. bxc5 hxg4 31. Bxg4 bxc5 32. h5 Nf5+ 33. Bxf5 Bxf5 34. Ba5 Bg4 35. h6 Kg6 36. Bd8 e5 37. fxe5 fxe5 38. Ke4 Be6 39. Kxe5 Bxc4 40. Bg5 a5 41. Bd2 Bb3 1/2-1/2

[Event "Vallfogona de Lleida op"]
[Site "Vallfogona de Balaguer"]
[Date "2012.05.11"]
[Round "4"]
[White "Sanuy Moncasi, Albert"]
[Black "Ramon Solans, Albert"]
[Result "0-1"]
[WhiteElo "1959"]
[BlackElo "2280"]
[PlyCount "112"]
[EventDate "2012.04.20"]
[EventType "swiss"]
[EventRounds "8"]
[EventCountry "ESP"]
[SourceTitle "EXT 2015"]
[Source "ChessBase"]
[SourceDate "2014.11.20"]
[SourceVersion "1"]
[SourceVersionDate "2014.11.20"]
[SourceQuality "1"]

1. Nf3 d5 2. d4 Nf6 3. Bg5 Ne4 4. Bh4 c5 5. e3 Qb6 6. Qc1 Nc6 7. c3 Bg4 8. Nbd2 Rc8 9. Nxe4 dxe4 10. dxc5 Qxc5 11. Nd4 Bd7 12. Nxc6 Bxc6 13. Be2 h5 14. h3 g5 15. Bg3 Bg7 16. Qd1 h4 17. Bh2 0-0 18. 0-0 Rcd8 19. Qc2 f5 20. Rad1 Rxd1 21. Rxd1 f4 22. Qb3+ Kh8 23. exf4 gxf4 24. Qe6 f3 25. gxf3 exf3 26. Bc4 Bf6 27. Rd4 Qg5+ 28. Rg4 Qc1+ 29. Bf1 Bg5 30. c4 Bf6 31. Qf5 Qh6 32. Bf4 Qh7 33. Qxh7+ Kxh7 34. Bd3+ Kh8 35. Bg5 Bxg5 36. Rxg5 Rg8 37. Rg4 Rxg4+ 38. hxg4 Kg7 39. g5 e5 40. Bf5 b6 41. Kh2 e4 42. b4 e3 43. fxe3 f2 44. Bd3 Be4 45. Bf1 Kg6 46. Kh3 Kxg5 47. a4 a5 48. bxa5 bxa5 49. c5 Bc6 50. Be2 Bxa4 51. Kg2 Bc6+ 52. Kxf2 Kf5 53. Bf1 a4 54. Bc4 a3 55. Kg1 Ke4 56. Kh2 Bd5 0-1

[Event "Vallfogona de Lleida op"]
[Site "Vallfogona de Balaguer"]
[Date "2012.05.05"]
[Round "3"]
[White "Ramon Solans, Albert"]
[Black "Roig Olivart, Angel"]
[Result "1-0"]
[WhiteElo "2280"]
[BlackElo "1961"]
[PlyCount "105"]
[EventDate "2012.04.20"]
[EventType "swiss"]
[EventRounds "8"]
[EventCountry "ESP"]
[SourceTitle "EXT 2015"]
[Source "ChessBase"]
[SourceDate "2014.11.20"]
[SourceVersion "1"]
[SourceVersionDate "2014.11.20"]
[SourceQuality "1"]

1. d4 Nf6 2. c4 e5 3. dxe5 Ng4 4. Nf3 Nc6 5. Bf4 Bb4+ 6. Nbd2 Qe7 7. a3 Ngxe5 8. Nxe5 Nxe5 9. e3 Bxd2+ 10. Qxd2 d6 11. Be2 Be6 12. c5 0-0 13. cxd6 cxd6 14. 0-0 Rac8 15. Rfc1 f6 16. Rxc8 Rxc8 17. Rc1 Rxc1+ 18. Qxc1 Qd8 19. h3 Qc8 20. Qd2 Qc6 21. Qd4 a6 22. e4 Qc5 23. Be3 Qxd4 24. Bxd4 Nc6 25. Bc3 d5 26. Bf3 d4 27. Bd2 d3 28. Bc3 Ne5 29. Bxe5 fxe5 30. Kf1 Bc4 31. Ke1 a5 32. Kd2 Kf7 33. g3 b6 34. Bg2 g5 35. Bf1 Bb5 36. Bxd3 Bd7 37. Bf1 Be6 38. Ke3 Kf6 39. f4 gxf4+ 40. gxf4 Bf7 41. Be2 h6 42. h4 Bb3 43. Bb5 Bc2 44. Bc6 Bd1 45. Bd5 Bg4 46. f5 Bh5 47. Bc6 Bf7 48. Kd3 Bb3 49. Kc3 a4 50. Kb4 Bc2 51. Kb5 Ke7 52. Kxb6 Kd6 53. Bd5 1-0

[Event "Mollet IM"]
[Site "Mollet del Valles"]
[Date "2011.12.09"]
[Round "5"]
[White "Ramon Solans, Albert"]
[Black "Capellades Subirana, Marc"]
[Result "0-1"]
[WhiteElo "2280"]
[BlackElo "2314"]
[PlyCount "40"]
[EventDate "2011.12.07"]
[EventType "tourn"]
[EventRounds "9"]
[EventCountry "ESP"]
[EventCategory "2"]
[SourceTitle "CBM 145 Extra"]
[Source "ChessBase"]
[SourceDate "2012.01.03"]
[SourceVersion "1"]
[SourceVersionDate "2012.01.03"]
[SourceQuality "1"]

1. d4 Nf6 2. Nf3 d6 3. Bg5 Nbd7 4. Nbd2 g6 5. e3 Bg7 6. Bd3 0-0 7. c3 c5 8. 0-0 cxd4 9. exd4 Nh5 10. Re1 f6 11. g4 fxg5 12. gxh5 e5 13. hxg6 g4 14. gxh7+ Kh8 15. Kh1 gxf3 16. Rg1 exd4 17. cxd4 Qf6 18. Qb3 Nb6 19. Rxg7 Qxg7 20. Rg1 Bg4 0-1

[Event "Mollet IM"]
[Site "Mollet del Valles"]
[Date "2011.12.08"]
[Round "3"]
[White "Ramon Solans, Albert"]
[Black "Bals Hernandez, Jordi"]
[Result "1-0"]
[WhiteElo "2280"]
[BlackElo "2144"]
[PlyCount "39"]
[EventDate "2011.12.07"]
[EventType "tourn"]
[EventRounds "9"]
[EventCountry "ESP"]
[EventCategory "2"]
[SourceTitle "CBM 145 Extra"]
[Source "ChessBase"]
[SourceDate "2012.01.03"]
[SourceVersion "1"]
[SourceVersionDate "2012.01.03"]
[SourceQuality "1"]

1. d4 Nf6 2. Nc3 c5 3. d5 d6 4. e4 e6 5. Nf3 exd5 6. exd5 g6 7. Bb5+ Nbd7 8. 0-0 Be7 9. Bh6 Ng4 10. Qd2 a6 11. Bd3 f6 12. Rae1 Nde5 13. Nxe5 Nxe5 14. Bg7 Rg8 15. Bxf6 Bxf6 16. f4 Qe7 17. Ne4 Rf8 18. Nxf6+ Rxf6 19. fxe5 dxe5 20. Rxf6 1-0